000 00631nam a2200253Ia 4500
001 25087
005 20240114000831.0
007 ta
008 060420s2002 g b000 u 807 u
020 _a81-267-0596-5
040 _aCotton College,Assam
041 _a807
082 _a891.431
_bTr 735 Me
100 _aTrilochan, .
245 0 _aMera Ghar /
_cTrilochan.
_hTextual Documents
250 _a1st ed. /
260 _aDelhi :
_bRajkamal prakashan ,
_c2002.
300 _a84p. ;
_c22cm.
653 _aHindi poetry
653 _aGen-Hindi
942 _2ddc
_cBK
999 _c25069
_d25069